okręg 6 LUBLIN do Sejmu - Statystyki

Ogólne statystyki
  • Ten quiz został rozwiązany 12 razy
  • Średni wynik to 9 z 20
Statystyki odpowiedzi
liczba głosów wybory partia odpowiedź % Poprawnych
57 577 2019 PO Joanna Mucha
80%
45 568 2011 PO Joanna Mucha
80%
43 459 2015 PO Joanna Mucha
80%
21 028 2007 PO Joanna Mucha
80%
87 343 2019 PiS Przemysław Czarnek
80%
24 406 2019 Konfederacja Jakub Kulesza
50%
44 186 2007 PO Janusz Palikot
50%
26 275 2005 PO Janusz Palikot
50%
28 381 2019 PiS Artur Soboń
40%
53 474 2007 PiS Elżbieta Kruk
40%
43 432 2015 PiS Elżbieta Kruk
40%
30 048 2011 PiS Elżbieta Kruk
40%
28 535 2005 PiS Elżbieta Kruk
40%
54 915 2019 PiS Sylwester Tułajew
40%
23 287 2015 PiS Gabriela Masłowska
20%
65 878 2001 SLD Izabella Sierakowska
20%
24 870 2007 SLD Izabella Sierakowska
20%
21 420 2007 PiS Małgorzata Sadurska
20%
23 848 2011 PiS Lech Sprawka
10%
24 510 2001 PSL Zdzisław Podkański
10%
Nie znaleziono quizów pasujących do podanych kryteriów
Rozkład punktacji
Procent ludzi z każdym wynikiem
Percentyl według liczby udzielonych odpowiedzi
Twoja historia wyników
Nie rozwiązałeś tego quizu